书目信息 |
| 题名: |
哲学小辞典
|
|
| 作者: | 刘廷勃 | |
| 分册: | ||
| 出版信息: | 长春 吉林人民出版社 1983.01 |
|
| 页数: | 425 | |
| 开本: | 32 | |
| 丛书名: | ||
| 单 册: | ||
| 中图分类: | B-61 | |
| 科图分类: | ||
| 主题词: | ||
| 电子资源: | ||
| ISBN: | ||
| 000 | 00432nam0 2200169 45 | |
| 001 | 0181023983 | |
| 005 | 20060820092840.78 | |
| 010 | @dCNY1.20 | |
| 100 | @a20810111d km y0chiy0120 ea | |
| 101 | 0 | @achi |
| 200 | 1 | @AZHE XUE XIAO CI DIAN@F]LIU TING BO@a哲学小辞典@f刘廷勃 |
| 210 | @a长春@c吉林人民出版社@d1983.01 | |
| 215 | @a425@c无图表@d32 | |
| 690 | @aB-61 | |
| 701 | 0 | @a刘廷勃 |
| 801 | @aCN@bTSTC@c20060820 | |
| 905 | @dB-61@e17@f3 | |
| 哲学小辞典/刘廷勃.-长春:吉林人民出版社,1983.01 |
| 425:无图表;32 |
| ISBN :CNY1.20 |
| ● |
| 相关链接 |
|
|
|
|
正题名:哲学小辞典
索取号:B-61/17
 
预约/预借
| 序号 | 登录号 | 条形码 | 馆藏地/架位号 | 状态 | 备注 |
| 1 | 0471355 | 204713550 | 密集书库/ [索取号:B-61/17] | 在馆 |